Minecraft Last Life: All Death Messages - Statistics

General Stats
  • This quiz has been taken 38 times
  • The average score is 19 of 62
Answer Stats
Hint Answer % Correct
1. Grian was slain by BdoubleO100
63%
3. Smallishbeans fell from a high place
42%
24. SolidarityGaming blew up
38%
33. bigbst4tz2 blew up
38%
43. Tango blew up
38%
2. MumboJumbo tried to swim in lava to escape Piglin Brute
38%
20. Tango was slain by BdoubleO100
38%
11. ZombieCleo was slain by bigbst4tz2
38%
30. MumboJumbo was slain by Grian using [The Boogey Blade]
38%
8. Smallishbeans was slain by PearlescentMoon
38%
7. Smajor1995 was slain by Smallishbeans
38%
17. BdoubleO100 blew up
33%
19. Smallishbeans blew up
33%
35. Tango blew up
33%
47. InTheLittleWood blew up
33%
10. Skizzleman fell from a high place
33%
14. BdoubleO100 fell from a high place
33%
38. LDShadowLady fell from a high place
33%
62. Smajor1995 fell out of the world
33%
45. bigbst4tz2 was shot by ZombieCleo
33%
6. MumboJumbo was slain by GoodTimeWithScar
33%
9. PearlescentMoon was slain by LDShadowLady
33%
32. bigbst4tz2 was slain by LDShadowLady
33%
5. Smallishbeans was slain by MumboJumbo
33%
59. PearlescentMoon was slain by Renthedog
33%
4. LDShadowLady was slain by Zombie
33%
61. Renthedog was slain by Zombie
33%
23. GoodTimeWithScar drowned
29%
49. Smajor1995 failed to kill a green or yellow name as the boogeyman
29%
12. Grian fell from a high place
29%
22. impulseSV fell from a high place
29%
28. impulseSV fell from a high place
29%
36. BdoubleO100 fell from a high place
29%
26. Smajor1995 hit the ground too hard
29%
40. Etho was blown up by Creeper
29%
39. BdoubleO100 was shot by Grian
29%
46. GoodTimeWithScar was shot by Renthedog
29%
37. impulseSV was shot by Smajor1995
29%
15. GoodTimeWithScar was slain by Etho
29%
18. MumboJumbo was slain by Etho
29%
53. Etho was slain by PearlescentMoon
29%
56. Grian was slain by Smajor1995
29%
21. LDShadowLady was slain by Smallishbeans
29%
55. ZombieCleo was slain by Smallishbeans
29%
57. Etho was slain by Smallishbeans
29%
50. Renthedog blew up
25%
29. SolidarityGaming fell from a high place
25%
16. GoodTimeWithScar tried to swim in lava
25%
25. LDShadowLady tried to swim in lava
25%
58. Smallishbeans was killed by Smajor1995 using magic
25%
34. Skizzleman was shot by Renthedog
25%
48. ZombieCleo was shot by Smallishbeans
25%
52. ZombieCleo was slain by Renthedog
25%
51. PearlescentMoon went off with a bang
25%
13. ZombieCleo fell from a high place
21%
27. Skizzleman fell from a high place
21%
31. Grian hit the ground too hard whilst trying to escape Smallishbeans
21%
60. InTheLittleWood was blown up by Smajor1995
21%
41. PearlescentMoon was shot by Skeleton
21%
54. InTheLittleWood hit the ground too hard whilst trying to escape PearlescentMoon
17%
42. Renthedog was shot by Smallishbeans
17%
44. PearlescentMoon was slain by Smallishbeans
17%
No matching quizzes found
Score Distribution
Percent of People with Each Score
Percentile by Number Answered
Your Score History
You have not taken this quiz